000 00719nam a2200217 i 4500
001 37844
003 ES-MaACL
005 20250826064739.0
007 t|
008 030224q1957 sp ||||1| spa d
080 _a331.87
110 2 _aBureau des Temps Elementaires (París)
_92256
245 1 3 _aEl estudio del trabajo /
_cpor Bureau des Temps Elementaires ; [traducción por Juan Cardó Serra].
260 _aBarcelona :
_bDirección y Productividad,
_c[ca. 1957] (
_fImp. Moderna)
300 _a434 p. :
_bil. ;
_c22 cm.
650 7 _aOrganización del trabajo
_2embne
_915759
700 1 _aCardó Serra, Juan.
_935169
852 4 _aES-MaACL
_jC-29699
852 4 _aES-MaACL
_jC-16896
999 _c37844
_d37844